Pokémon - Les attaques de Poulpaf - Statistiques

Statistiques générales
  • Ce quiz a été pris 16 fois
  • Le résultat moyen est 8 sur 11
Statistiques - réponses
Niveaux Types Noms des attaques % Correct
Niveau 20 Combat Casse-Brique
100%
Niveau 15 Combat Détection
100%
Départ Normal Groz'Yeux
100%
Niveau 45 Combat Surpuissance
100%
Niveau 35 Ténèbres Provoc
80%
Niveau 30 Combat Sacrifice
80%
Niveau 40 Combat Contre
60%
Départ Combat Éclate-Roc
60%
Niveau 25 Combat Gonflette
60%
Niveau 10 Normal Étreinte
40%
Niveau 5 Normal Ruse
20%
Aucun quiz correspondant
Distribution des résultats
% des personnes avec chaque résultat
Percentile par nombre de réponses
Votre historique - résultats
Vous n’avez pas pris ce quiz